Histoire des gaulois d'orient /

Guardado en:
Autor Principal: Robiou, Felix
Formato: Libro
Publicado: Paris : Imprimerie Imperiale, 1856
Materias:
Etiquetas: Agregar Etiqueta
Sin Etiquetas, Sea el primero en etiquetar este registro!
LEADER 00470nam a22001575a 4500
001 EHU.bham014821
003 AR-BHAM
005 20100405153425.0
008 130507s1856##################000#0#####d
082 9 4 |a 944.01 
100 1 |a Robiou, Felix 
245 1 0 |a Histoire des gaulois d'orient /  |c Felix Robiou 
260 |a Paris :  |b Imprimerie Imperiale,  |c 1856 
300 |a 309p. 
653 |a Historia de francia- -987 
859 |a AR-BHAM  |b BIB. HUMANIDADES - General  |h 944.01  |i R552  |p 592.64  |t Ej.1